Que es el arte abstracto : cartas a una discipula /

Guardado en:
Autor Principal: Romero Brest, Jorge
Formato: Libro
Publicado: Buenos Aires : Columba, 1953
Series:Coleccion Esquemas
Etiquetas: Agregar Etiqueta
Sin Etiquetas, Sea el primero en etiquetar este registro!
LEADER 00566nam a22001695a 4500
001 EHU.bham024253
003 AR-BHAM
005 20130507141318.0
008 130507s1953##################000#0#####d
082 7 5 |a 759.91 
100 1 |a Romero Brest, Jorge 
245 1 0 |a Que es el arte abstracto :  |b cartas a una discipula /  |c Jorge Romero Brest 
260 |a Buenos Aires :  |b Columba,  |c 1953 
300 |a 79 p. 
490 0 |a Coleccion Esquemas 
859 |a AR-BHAM  |b BIB. HUMANIDADES - General  |h 759.91  |i R664  |p 16.02  |t Ej.1 
859 |a AR-BHAM  |b BIB. HUMANIDADES - General  |h 759.91  |i R664  |p 203.04  |t Ej.1